| 000 | 00436nam a2200205Ia 4500 | ||
|---|---|---|---|
| 001 | 11752 | ||
| 003 | GE_BSU | ||
| 008 | 181216s||||||||xx |||||||||||||| ||und|| | ||
| 020 | _a9780099514565 | ||
| 040 | _cGE_BSU | ||
| 080 | _a821.111-312 | ||
| 100 | _aPatterson,James & Roughan, Hovard | ||
| 245 | _aSail | ||
| 260 | _aLondon | ||
| 260 | _bArrow Books | ||
| 260 | _c2009 | ||
| 300 | _a458p.18cm. | ||
| 653 | _aSail | ||
| 942 | _cBK | ||
| 999 |
_c44931 _d44931 |
||